Tiempo de trabajo y permisos del trabajador por motivos personales y sindicales

Salvato in:
Dettagli Bibliografici
Autore principale: Blasco, Carolina (Autore)
Natura: Libro
Lingua:spagnolo
Pubblicazione: Valencia Tirant Lo Blanch 2013
Serie:Colección Laboral, 209
Soggetti:
Tags: Aggiungi Tag
Nessun Tag, puoi essere il primo ad aggiungerne!!

MARC

LEADER 00000cam a2200000 a 4500
001 UCF7501
003 CL-VaPUC
008 130627e20130000SP |||||||||||||||||spa|d
020 |a 9788490043912 
082 0 4 |a 344.8301  |b BLA  |2 21 
100 0 |a Blasco, Carolina  |e author  |9 569544 
245 1 0 |a Tiempo de trabajo y permisos del trabajador por motivos personales y sindicales 
300 |a 189 p 
942 |c BK 
945 |d 20130627 00:00:00  |a dcastane 
260 |a Valencia  |b Tirant Lo Blanch  |c 2013 
650 7 |a DERECHO LABORAL  |2 CL-VaPUC  |9 15 
650 0 |a Código del trabajo  |9 255479 
650 7 |a PERMISOS SINDICALES  |2 CL-VaPUC  |9 569545 
650 7 |a SINDICALISMO  |2 CL-VaPUC  |9 569546 
650 0 |a Negociación colectiva  |9 312433 
650 7 |a CONTRATO DE TRABAJO  |2 CL-VaPUC  |9 569547 
583 |a last modification  |c 20170803 01:09:23  |k Rodrigo Vera 
490 0 |a Colección Laboral, 209 
999 |c 352324  |d 352322 
952 |0 0  |1 0  |4 0  |6 344_830100000000000_BLA_2013  |7 0  |8 A  |9 456808  |a BIBDER  |b BIBDER  |d 2019-11-22  |i 4981944  |o 344.8301 BLA 2013  |p 4981944  |r 2023-01-25  |w 2019-11-22  |y BK  |k DER